书目信息 |
| 题名: |
中国独立审计
|
|
| 作者: | 王广明 , 谭宪才 , 雷光勇 著 | |
| 分册: | ||
| 出版信息: | 长沙 湖南人民出版社 2002.10 |
|
| 页数: | 444页 | |
| 开本: | 21cm | |
| 丛书名: | ||
| 单 册: | ||
| 中图分类: | F239.43 | |
| 科图分类: | ||
| 主题词: | 审计--研究--中国 | |
| 电子资源: | ||
| ISBN: | 7-5438-3105-8 | |
| 000 | 00991nam0 2200253 450 | |
| 001 | 010252995672 | |
| 005 | 20050820144343.98 | |
| 010 | @a7-5438-3105-8@d24.00CNY | |
| 100 | @a20050614d2002 km y0chiy0120 ea | |
| 101 | 0 | @achi |
| 102 | @aCN@b430000 | |
| 105 | @ay a 000yy | |
| 200 | 1 | @a中国独立审计@Azhong guo du li shen ji@f王广明, 谭宪才, 雷光勇等著@Fwang guang ming,tan xian cai,lei guang yong deng zhu |
| 210 | @a长沙@c湖南人民出版社@d2002.10 | |
| 215 | @a444页@d21cm | |
| 320 | @a有书目 (第440-444页)。 | |
| 330 | @a本书面向大众,对注册会计师审计基本知识的推荐、中外审计制度的异同对比、审计理论前沿问题的探讨,使您对注册会计师审计的现状、问题、国际异同、发展趋势、理论研究有全面的了解和综合的认识,对注册会计师诚信更有深刻的感悟。 | |
| 606 | 0 | @a审计@x研究@y中国 |
| 690 | @aF239.43@v4 | |
| 701 | 0 | @a王广明@Awang guang ming@4著 |
| 701 | 0 | @a谭宪才@Atan xian cai@4著 |
| 701 | 0 | @a雷光勇@Alei guang yong@4著 |
| 801 | 0 | @aCN@bQSSK@c20050820 |
| 905 | @a10447@dF239.43@eW194 | |
| 中国独立审计/王广明, 谭宪才, 雷光勇等著.-长沙:湖南人民出版社,2002.10 |
| 444页;21cm |
| ISBN 7-5438-3105-8:24.00CNY |
| 本书面向大众,对注册会计师审计基本知识的推荐、中外审计制度的异同对比、审计理论前沿问题的探讨,使您对注册会计师审计的现状、问题、国际异同、发展趋势、理论研究有全面的了解和综合的认识,对注册会计师诚信更有深刻的感悟。 |
| ● |
| 相关链接 |
|
|
|
正题名:中国独立审计
索取号:F239.43/W194
 
预约/预借
| 序号 | 登录号 | 条形码 | 馆藏地/架位号 | 状态 | 备注 |
| 1 | 562081 | 205620817 | 社科库409/409社科库 78排4列1层/ [索取号:F239.43/W194] | 在馆 | |
| 2 | 562082 | 205620826 | 社科库409/409社科库 78排4列1层/ [索取号:F239.43/W194] | 在馆 | |
| 3 | 562083 | 205620835 | 社科库409/409社科库 78排4列1层/ [索取号:F239.43/W194] | 在馆 |